000 01224nam0a2200313 i 4500
001 RU\NLR\bibl\1939534
005 20241104002036.0
010 _a9785425203991
_93000
021 _aRU
_b2012-57972
_94242
035 _a(NLR Aleph) 001928815
090 _a3407111
_c3407111
100 _a20120831d2012 u y0rusy50 ca
101 1 _arus
_cheb
102 _aRU
105 _aa |||||||||
200 1 _aЗапретный талмуд
_e[тысячелетние иудейские тайны, за знакомство с которыми карали смертью]
_fЯрон Ядан
_gпредисл., [пер. с иврита] Александра Этермана
210 _aМосква
_cРид Групп
_cЧитай!
_d2012
215 _a542 с.
_cил.
_d22
225 1 _aБог не крут
605 _aТалмуд
_xИсследование текста
_92346945
_3RU\NLR\auth\661402448
686 _aЭ36-250
700 1 _aЯдан
_gЯрон
_4070
702 1 _aЭтерман
_bА.
_gАлександр
_4730
801 0 _aRU
_bNLR
_c20120831
_gRCR
801 1 _aRU
_bNLR
_c20120831
942 _cBOOK
980 _aNBR